000 00456nam a22001817a 4500
005 20170214110137.0
008 170119b xxu||||| |||| 00| 0 eng d
020 _a9781897430545
040 _cPK-LaUMT
082 _a610.92
_bSIM-J
100 _aSimkin , Ruth
245 _aThe jagged years of ruthie j /
_cRuth Simkin
260 _aVictoria:
_bEkstasis ,
_c2010
300 _a215 p.
546 _aen
650 _aPsychotherapy patients
942 _cBK
999 _c90246
_d90246